000 00690nam a2200217 i 4500
001 bg
100 1 _aMALKIEL, Burton G.
245 1 0 _aA random walk down Wall Street :
_bincluding a life-cycle guide to personal investing /
_cBurton G. Malkiel.
260 _aNew York : London :
_bW. W. Norton,
_c1996.
300 _a522 s. :
_b1 faks., rys., wykr. ;
_c21 cm.
504 _aBibliogr. s. 489-502. - Indeks.
650 9 _aGiełda papierów wartościowych
_zStany Zjednoczone
650 9 _aInwestycje
_xfinanse
020 _a0393315290
040 _cBPK
041 0 _aen
080 _a336.76(73)
920 _a0-393-31529-0
942 _cKS
008 s pl f |000 0 pol
999 _c33473
_d33473
856 _uhttp://koha.tu.koszalin.pl/cgi-bin/koha/opac-detail.pl?biblionumber=33473
_yKatalog online BPK